000
00194 a2200097 4500
020
_a
9780545724142
041
_a
spa
100
_a
Daisy meadows
245
_a
Libby the writing fairy
942
_c
BK
999
_c
30509
_d
30507